书目信息 |
| 题名: |
组织行为学案例
|
|
| 作者: | 洛里 编 ;刘永祥 译 | |
| 分册: | ||
| 出版信息: | 北京 机械工业出版社 2001 |
|
| 页数: | 113页 | |
| 开本: | 24cm | |
| 丛书名: | ||
| 单 册: | ||
| 中图分类: | C936 | |
| 科图分类: | ||
| 主题词: | 组织行为学--案例 | |
| 电子资源: | ||
| ISBN: | 7-111-08946-4 | |
| 000 | 00733nam0 2200229 45 | |
| 001 | 0311141511 | |
| 005 | 20031219104121.5 | |
| 010 | @a7-111-08946-4@dCNY18.00 | |
| 100 | @a20031114d2001 km y0chiy0120 ea | |
| 101 | 0 | @achi |
| 105 | @ab z 000yy | |
| 200 | 1 | @a组织行为学案例@AZu Zhi Xing Wei Xue An Li@dOrganizational Behavior Cases@f(加)戴维·W·洛里编@F(Jia)Dai Wei·W·Luo Li Bian@g刘永祥译 |
| 210 | @a北京@c机械工业出版社@d2001 | |
| 215 | @a113页@d24cm | |
| 300 | @a国际通用MBA教材配套案例 | |
| 510 | @aOrganizational Behavior Cases | |
| 606 | 0 | @a组织行为学@x案例 |
| 690 | @aC936@v3 | |
| 701 | 0 | @a洛里@4编 |
| 702 | 0 | @a刘永祥@ALiu Yong Xiang@4译 |
| 801 | @aCN@bTSTC@c20031114 | |
| 905 | @b328187-191@dC936@e132@f5 | |
| 组织行为学案例=Organizational Behavior Cases/(加)戴维·W·洛里编/刘永祥译.-北京:机械工业出版社,2001 |
| 113页;24cm |
| 国际通用MBA教材配套案例.-←并列题名:Organizational Behavior Cases |
| ISBN 7-111-08946-4:CNY18.00 |
| ● |
| 相关链接 |
|
|
|
|
正题名:组织行为学案例
索取号:C936/132
 
预约/预借
| 序号 | 登录号 | 条形码 | 馆藏地/架位号 | 状态 | 备注 |
| 1 | 0328187 | 203281876 | 第一借阅区/ [索取号:C936/132] | 在馆 | |
| 2 | 0328188 | 203281885 | 第一借阅区/ [索取号:C936/132] | 在馆 | |
| 3 | 0328189 | 203281894 | 第一借阅区/ [索取号:C936/132] | 在馆 | |
| 4 | 0328190 | 203281901 | 第一借阅区/ [索取号:C936/132] | 在馆 | |
| 5 | 0328191 | 203281910 | 第一样本阅览室/ [索取号:C936/132] | 在馆 |